00931 2200301 4500001002100000005001500021035002000036007000300056008004100059020002200100040002200122082001400144084001600158090002000174090002200194100002600216245011000242300006400352650001200416850001200428041000800440504003300448264005200481336002100533337003000554338002300584990002200607INLIS00000000084721820190514100056 a0010-0519000553ta190514s2018 yoia gr ind d a978-602-262-860-6 aYOPDYOGbinderda04223a579.3 a579.3 DEW b aDEP 579.3 DEW b aCB-D.11 2018-22750 aDewi Sartikaepenulis10aBacteriophage (fage) sebagai biokontrol alami mikroba pada pangan dan lingkungan /cpenulis, Dewi Sartika ax, 63 halaman :bilustrasi, diagram, gambar, tabel ;c24 cm 4aBakteri aYOPDYOG0 aind aBibilografi: halaman [55]-6334aYogyakarta :bGraha Ilmu,c2018; ©2018 penulis 2rdacontentateks 2rdamediaatanpa perantara 2rdacarrieravolume aCB-D.11/2018-2275